Teaching approaches and strategies used to support students (Record no. 74991)

MARC details
000 -LEADER
fixed length control field 04269nam a22002897i 4500
003 - CONTROL NUMBER IDENTIFIER
control field URS
003 - CONTROL NUMBER IDENTIFIER
control field URS
005 - DATE AND TIME OF LATEST TRANSACTION
control field 20240416181609.0
008 - FIXED-LENGTH DATA ELEMENTS--GENERAL INFORMATION
fixed length control field 100611b xxu||||| |||| 00| 0 eng d
040 ## - CATALOGING SOURCE
Original cataloging agency URS
Language of cataloging eng
Description conventions rda
041 ## - LANGUAGE CODE
Language code of text/sound track or separate title eng
050 00 - LIBRARY OF CONGRESS CALL NUMBER
Classification number HV2545
Item number .T22 2017
245 ## - TITLE STATEMENT
Title Teaching approaches and strategies used to support students
Statement of responsibility, etc. Alexis F. Gimena... [et. al]
260 ## - PUBLICATION, DISTRIBUTION, ETC.
Date of publication, distribution, etc. 2017
300 ## - PHYSICAL DESCRIPTION
Extent 52 leaves :
Other physical details colour illustrations ;
Dimensions 28 cm.
336 ## - CONTENT TYPE
Source rda content
Content type term text
337 ## - MEDIA TYPE
Source rda media
Media type term unmediated
338 ## - CARRIER TYPE
Source rda carrier
Carrier type term volume
502 ## - DISSERTATION NOTE
Degree type Thesis (Bachelor of Science in Guidance and Counseling) -- University of Rizal System-Morong.
520 ## - SUMMARY, ETC.
Summary, etc. EXECUTIVE SUMMARY: This study analyzed the teaching approaches and strategies used to support students with hearing impairment during school year 2016-2017. A total of fifteen (15) students with hearing impairment and fifteen (15) special education teachers were used as respondents, who were described in terms of sex, age, grade level for profile of the teachers and students respondents, disciplinal approach, individualistic approach, teacher dominated approach for the extent of teaching approaches used by SPED teachers and expository strategies and enabling strategies for the extent of teaching strategies use by SPED teachers in terms of disciplinal approach, individualistic approach, teacher dominated approach, interactive approach, collaborative approach and direct teaching approach, frequency, percentage and rank distribution was used, were used to find out the extend of teaching strategies used by SPED Teachers, to determine the significant differences, on the teaching approaches and strategies used to support students differences, on the teaching approaches and strategies used to support students with hearing impairment, mean and one way analysis of variance was used. Based on the gathered data, on the profile of the teacher-respondents, in terms of sex, out of 15 respondents 13 or 85.7 percent are female. In terms of age, out of 15 respondents 10 or 69.2 percent are 31 years old and above. In terms of highest educational attainment, out of 15 respondents 8 or 57.1 percent are with masteral units. In terms of training/seminars attended, out of 15 respondents 5 or 35.7 percent attended the division level training for special education. On the other hand, in terms of the profile of the student-respondents in terms of sex, out of 15 respondents, 4 or 26.7 are grade 7, grade 9 and second year college. Based on the gathered data, on the extent of teaching approaches used by SPED teachers, disciplinal approach obtained an average of 4.16 and verbally interpreted as Often. Individualistic approach obtained an average of 4.16 and verbally interpreted as Often. Teacher dominated approach obtained an average of 3.96 verbally interpreted as Often. Interactive approach obtained an average of 4.13 verbally interpreted as Often. Collaborative approach obtained an average of 4.00 verbally interpreted as Often. On the significant difference on the extent of teaching strategies used by SPED teachers, Expository strategies obtained an average of 4.00 verbally interpreted as Often and Enabling strategies obtained an average of 4.04 verbally interpreted as Often. The F-values obtained are .472 and .492 which are greater than .05 level and which rejects the null hypothesis and therefore found that not significantly related. Based from findings, the following conclusions are drawn that SPED teachers have often used teaching approaches. Also, the extent of teaching strategies used to support students with hearing impairment is Often. Therefore teaching approaches and teaching strategies used to support students with hearing impairment are found not related. Based on the findings and conclusions drawn, it is hereby recommended that the SPED teachers mat intensify the use of teaching approaches and teaching strategies and other variables may be conducted.
650 ## - SUBJECT ADDED ENTRY--TOPICAL TERM
Topical term or geographic name entry element Deaf--Education.
700 1# - ADDED ENTRY--PERSONAL NAME
Personal name Piñon, Ma. Myke A.
Relator term author
700 1# - ADDED ENTRY--PERSONAL NAME
Personal name Ramirez, Emmarson E.
Relator term author
700 1# - ADDED ENTRY--PERSONAL NAME
Personal name Velasco, Joyce Liberty T.
Relator term author
856 ## - ELECTRONIC LOCATION AND ACCESS
Materials specified Online Request for Student Unpublished Works
Uniform Resource Identifier <a href="https://forms.gle/7LqvGGkaDrUQqz429">https://forms.gle/7LqvGGkaDrUQqz429</a>
942 ## - ADDED ENTRY ELEMENTS (KOHA)
Source of classification or shelving scheme Library of Congress Classification
Koha item type Theses and dissertations

No items available.

University of Rizal System
Email us at univlibservices@urs.edu.ph

Visit our Website www.urs.edu.ph/library